Géométrie des opérateurs linéaires

Saved in:
Bibliografiske detaljer
Hovedforfatter: Lachat, Daniel P (Author)
Format: Bog
Sprog:fransk
Udgivet: París Dunod 1966
Fag:
Tags: Tilføj Tag
Ingen Tags, Vær først til at tagge denne postø!

MARC

LEADER 00000nam a2200000 a 4500
001 UCQ8874
003 CL-VaPUC
008 981217e19660000FR |||||||||||||||||fre|d
082 0 4 |a 516.35  |b LAC  |2 21 
100 0 |a Lachat, Daniel P  |e author  |9 423172 
245 1 0 |a Géométrie des opérateurs linéaires 
300 |a 99 p 
942 |c BK 
945 |d 19981217 00:00:00  |a crobeson 
260 |a París  |b Dunod  |c 1966 
650 0 |a Geometría algebraica  |9 270327 
650 0 |a Álgebra vectorial   |9 269971 
650 0 |a Álgebra lineal   |9 260445 
583 |a last modification  |c 19981217 00:00:00  |k Rodrigo Vera 
999 |c 278044  |d 278042 
952 |0 0  |1 0  |4 0  |6 516_350000000000000_LAC_1966  |7 0  |8 A  |9 316371  |a BIBMAT  |b BIBMAT  |d 2019-11-20  |i 1304364  |o 516.35 LAC 1966  |p 1304364  |r 2025-01-07  |w 2019-11-20  |y BK  |k MAT